Normal view
MARC view
- UG Priject
Entry Topical Term
001 - CONTROL NUMBER
- control field: 131749
003 - CONTROL NUMBER IDENTIFIER
- control field: NUST
005 - DATE AND TIME OF LATEST TRANSACTION
- control field: 20251110142526.0
008 - FIXED-LENGTH DATA ELEMENTS
- fixed length control field: 251110|| aca||aabn | a|a d
040 ## - CATALOGING SOURCE
- Original cataloging agency: NUST
- Transcribing agency: NUST
150 ## - HEADING--TOPICAL TERM
- Topical term or geographic name entry element: UG Priject
670 ## - SOURCE DATA FOUND
- Source citation: Work cat.: (NUST)182279: Masood, NC Aamir (TCC-04) 131748, PC based software and hardware interfacing of a commercial digital switch /, 1996
